000 00197 a2200097 4500
001 25577
100 _aSimon & Schuster
245 _aWay Things work
260 _a
_bARRL
_c
090 _c17296
_d17296
942 _aNUST-CAE
_cM
_c8109
999 _c260650
_d260650